| 000 | 00753cam a22002291 4500 | ||
|---|---|---|---|
| 999 |
_c4865 _d4865 |
||
| 001 | 8277064 | ||
| 003 | OSt | ||
| 005 | 20181217125245.0 | ||
| 008 | 791205q18901899nyu 000 0 eng | ||
| 010 | _a 29029147 | ||
| 035 | _a(OCoLC)5763723 | ||
| 040 |
_aDLC _cKWiU _dOCoLC _dPBfG _dDLC |
||
| 050 | 0 | 0 |
_aBS491 _b.S77 |
| 082 |
_aREF 220.7 _bS744P |
||
| 100 | 1 |
_aSpence-Jones, H. D. M. _q(Henry Donald Maurice), _d1836-1917, _eed. |
|
| 245 | 1 | 4 |
_aThe pulpit commentary, _cedited by the Very Rev. H. D. M. Spence ... and by the Rev. Joseph S. Exell. |
| 260 |
_aNew York, _aToronto, _bFunk & Wagnalls Company _c[189-?] |
||
| 300 |
_a51 v. _c24 cm. |
||
| 630 | 0 | 0 |
_aBible _xCommentaries. |
| 906 |
_a7 _bcbc _coclcrpl _du _encip _f19 _gy-gencatlg |
||
| 942 |
_2ddc _cREF |
||